Vizuálny systém pre potreby mobilnej robotiky

Saved in:
Bibliographic Details
Main Author: Holotíková, Zuzana, 1991- (Author)
Other Authors: Dekan, Martin, 1985- (Thesis advisor)
Format: Manuscript Book
Language:Slovak
Published: Bratislava : STU v Bratislave FEI, 2013
Subjects:
Online Access:VAIS
Tags: Add Tag
No Tags, Be the first to tag this record!

MARC

LEADER 00000ntm a22000003a 4500
001 stu273279
005 20150617230234.3
008 130820s2013----xo------------------slo-d
040 |a STU  |b slo 
041 0 |a slo 
044 |a xo 
100 1 |a Holotíková, Zuzana,  |d 1991-  |4 aut  |u E  |T FEI Fakulta elektrotechniky a informatiky  |X 6159  |U E  |Y 30  |7 A000006159 
242 0 0 |a Visual system for mobile robotics  |y eng 
245 1 |a Vizuálny systém pre potreby mobilnej robotiky 
260 |a Bratislava :  |b STU v Bratislave FEI,  |c 2013 
300 |a 42 s  |c CD-ROOM 
650 7 |a Industrial Informatics  |2 estusub 
650 7 |a image processing  |2 estusub 
650 7 |a mobilný robot  |2 stusub 
650 7 |a spracovanie obrazu  |2 stusub 
700 1 |a Dekan, Martin,  |d 1985-  |4 ths  |u E010  |T FEI Ústav riadenia a priemyselnej informatiky  |X 16569  |U E010  |Y E010  |7 A000016569 
856 4 |a info a plný text  |u http://is.stuba.sk/zp/portal_zp.pl?podrobnosti=78218  |3 VAIS 
996 |b 284ER01328  |c E*Bc-1328  |l EE23  |s P  |a 0  |w stu273279_0001